| Tag |
First Indicator |
Second Indicator |
Subfields |
| LEADER |
00000cam a22000004a 4500 |
| 001 |
in00001607821 |
| 005 |
20151023051201.0 |
| 008 |
000929s2001 mdu bd 000 0 eng |
| 010 |
|
|
|a 00050470
|
| 020 |
|
|
|a 0810839628 (alk. paper)
|
| 035 |
|
|
|a (OCoLC)ocm45122189
|
| 040 |
|
|
|a DLC
|c DLC
|d C#P
|d TXA
|d UtOrBLW
|
| 042 |
|
|
|a pcc
|
| 049 |
|
|
|a TXAM
|
| 050 |
0 |
0 |
|a BP50
|b .A33 2001
|
| 082 |
0 |
0 |
|a 297/.03
|2 21
|
| 100 |
1 |
|
|a Adamec, Ludwig W.
|
| 245 |
1 |
0 |
|a Historical dictionary of Islam /
|c Ludwig W. Adamec.
|
| 264 |
|
1 |
|a Lanham, Md. :
|b Scarecrow Press,
|c 2001.
|
| 300 |
|
|
|a xxxiii, 417 pages ;
|c 23 cm.
|
| 336 |
|
|
|a text
|b txt
|2 rdacontent
|
| 337 |
|
|
|a unmediated
|b n
|2 rdamedia
|
| 338 |
|
|
|a volume
|b nc
|2 rdacarrier
|
| 490 |
1 |
|
|a Historical dictionaries of religions, philosophies, and movements ;
|v 37
|
| 504 |
|
|
|a Includes bibliographical references (pages 289-417).
|
| 650 |
|
0 |
|a Islam
|x History
|v Dictionaries.
|
| 830 |
|
0 |
|a Historical dictionaries of religions, philosophies, and movements ;
|v no. 37.
|
| 948 |
|
|
|a cataloged
|b h
|c 2001/4/16
|d c
|e cmulkey
|f 12:22:37 pm
|
| 994 |
|
|
|a E0
|b TXA
|
| 999 |
|
|
|a MARS
|
| 999 |
f |
f |
|s f0bf9f48-7223-3efa-82a4-db2cb9f42a2d
|i b0d8c76d-7f47-3a78-845b-55f13ede5938
|t 0
|
| 952 |
f |
f |
|p ric
|a Texas A&M University
|b Rellis Campus
|c Joint Library Facility
|d Remote Storage
|t 0
|e BP50 .A33 2001
|h Library of Congress classification
|i unmediated -- volume
|m A14827630360
|
| 998 |
f |
f |
|a BP50 .A33 2001
|t 0
|l Remote Storage
|